000 01784nam a2200325 i 4500
001 8103
003 ES-MaACL
005 20250906063032.0
007 t|
008 911214e1989 sp a||||r 0011idspa
017 _aZ 2530-1989
_bOficina Depósito Legal Zaragoza
020 _a84-85815-19-X
040 _aSpMaBN
_bspa
_cES-MaACL
080 _a929 Gómez, Julio Antonio (044.2)
100 1 _aGómez, Julio Antonio,
_d1933-1988
_eaut
_957779
245 1 3 _aEl corazón desbordado :
_b(epistolario) /
_cJulio Antonio Gómez ; edición de Antón Castro
250 _a1ª ed.
260 _aZaragoza :
_bOlifante,
_c[1989]
300 _a111 páginas :
_bilustraciones ;
_c21 cm
490 1 _aOlifante (Serie)
520 _aBajo el título "El corazón desbordado" Antón Castro preparó la edición del epistolario de Julio Antonio Gómez. Las cartas y postales que se congregan en este volumen están dirigidas a varios de sus mejores amigos. Sería difícil encontrar un personaje en la historia de la poesía aragonesa de este siglo con tanta leyenda a sus espaldas, con tanto perfume de extravagancia, de humor socarrón y porte atrabiliario. Julio Antonio Gómez creó la revista "Orejudín" y la editorial Javalambre, con la colección de poesía Fuendetodos. Ha sido, por vocación y por destino, un espectáculo, hacia afuera, claro, en la intimidad era un ciudadano dolorido, con el corazón ajado por la soledad
600 1 0 _aGómez, Julio Antonio,
_d1933-1988-
_vCorrespondencia
_9242222
655 4 _aCartas
_9235124
700 1 _aCastro, Antón,
_d1959-
_epbl
_936832
830 0 _aOlifante (Serie)
_9178046
852 4 _aES-MaACL
_bR.119941
_cDEPO2
_jL-15541
942 _cMONOGRAFIA
_n0
999 _c8103
_d8103